Mots Aléatoires en Espagnol - Statistiques

Statistiques générales
  • Ce quiz a été pris 315 fois
  • Le résultat moyen est 10 sur 15
Statistiques - réponses
Espagnol Français % Correct
Televisor Télé
96%
Libro Livre
94%
Puerta Porte
93%
Papel Papier
93%
Beber Boire
91%
Batería Batterie
90%
Imagen Image
90%
Concierto Concert
87%
Ventana Fenêtre
79%
Fábrica Usine
56%
Cerdo Cochon
37%
Flauta Flûte
34%
Traje Costume
26%
Almohada Oreiller
16%
Heces Tabouret
4%
Aucun quiz correspondant
Distribution des résultats
% des personnes avec chaque résultat
Percentile par nombre de réponses
Votre historique - résultats
Vous n’avez pas pris ce quiz